Changes to right-to-buy scheme (Record no. 71958)
[ view plain ]
| 000 -LEADER | |
|---|---|
| fixed length control field | 00861cam a2200193 4500 |
| 001 - CONTROL NUMBER | |
| control field | WB3903-09 |
| 008 - FIXED-LENGTH DATA ELEMENTS--GENERAL INFORMATION | |
| fixed length control field | 030123n2003 000 0 eng u |
| 035 ## - SYSTEM CONTROL NUMBER | |
| System control number | (Sirsi) u121098 |
| 245 ## - TITLE STATEMENT | |
| Title | Changes to right-to-buy scheme |
| 260 ## - PUBLICATION, DISTRIBUTION, ETC. | |
| Date of publication, distribution, etc. | 2003 |
| 490 ## - SERIES STATEMENT | |
| Series statement | ODPM News Release |
| Volume/sequential designation | (007) 22 January 2003, (4) |
| 520 ## - SUMMARY, ETC. | |
| Summary, etc. | ODPM has announced new restrictions on the right-to-buy for council house tenants in property hotspots in parts of London and the southeast, aimed to cool the over-heated housing market. From March 2003, when the measures are due to be laid before parliament, the maximum discount available will be £16 000, reduced from £38 000. Table of areas included. http://www.odpm.gov.uk/news/0301/0007.htm |
| 590 ## - LOCAL NOTE (RLIN) | |
| Local note | WB |
| 650 ## - SUBJECT ADDED ENTRY--TOPICAL TERM | |
| Topical term or geographic name entry element | RIGHT TO BUY SCHEMES |
| 650 ## - SUBJECT ADDED ENTRY--TOPICAL TERM | |
| Topical term or geographic name entry element | COUNCIL HOUSING |
| 650 ## - SUBJECT ADDED ENTRY--TOPICAL TERM | |
| Topical term or geographic name entry element | TENANTS |
| 690 ## - LOCAL SUBJECT ADDED ENTRY--TOPICAL TERM (OCLC, RLIN) | |
| Topical term or geographic name as entry element | HOUSING |
| 942 ## - ADDED ENTRY ELEMENTS (KOHA) | |
| Suppress in OPAC | 0 |
| Withdrawn status | Lost status | Source of classification or shelving scheme | Damaged status | Not for loan | Home library | Current library | Shelving location | Date acquired | Total Checkouts | Full call number | Barcode | Date last seen | Copy number | Price effective from | Koha item type |
|---|---|---|---|---|---|---|---|---|---|---|---|---|---|---|---|
| Dewey Decimal Classification | London | London | News article | 23/01/2003 | WB3903-09 | 121098-1001 | 06/08/2019 | 1 | 06/08/2019 | News article |